000 00514nmm a2200181Ia 4500
008 251105s9999||||xx |||||||||||||||||und||
020 _a9788492511082
041 _aspa
100 _aGillespie, Richard
245 0 _aResearching the Mediterranean
264 _a[Madrid, España] :
_bCIDOB,
_c2009
300 _a183 páginas
650 _aPolitical Science (General)
700 _aGillespie, Richard
700 1 _a Martín, Iván
856 _uhttps://public.digitaliapublishing.com/a/21238
942 _cCF
999 _c66122
_d66122